| 000 | 01642nam a22004097a 4500 | ||
|---|---|---|---|
| 003 | CHAP | ||
| 005 | 20220329141258.0 | ||
| 008 | 971010s1986 r 00010 d | ||
| 010 | _a65629 | ||
| 011 | _a66601 | ||
| 035 | _a75026 | ||
| 040 | _cCHAP | ||
| 090 | _aFolleto 10995 | ||
| 100 | 0 | 0 |
_aSchiavo Bernasconi, Carlos Nelson. _9102982 |
| 245 | _aAlternativas para el desarrollo ganadero regional | ||
| 260 |
_aChapingo, Méx. : _bUACH. Subdirección de Investigación. Coordinación de Servicios, _c1986 |
||
| 300 | _av | ||
| 500 | _aLa biblioteca tiene : v.1 Veracruz Centro v.2 Papaloapan,, México v.3 Península de Yucatán v.4 Tabasco, México | ||
| 590 |
_aBATCH-UPD _b10 _c20130110 _lUCH01 _h0023 |
||
| 590 |
_aBATCH-UPD _b10 _c20130110 _lUCH01 _h1226 |
||
| 590 |
_aBATCH-UPD _b10 _c20130410 _lUCH01 _h0758 |
||
| 590 |
_aBATCH-UPD _b10 _c20130914 _lUCH01 _h1111 |
||
| 590 |
_aCONVERSION _b10 _c20130109 _lUCH01 _h1336 |
||
| 650 | 1 | 4 |
_aCuenca del Papaloapan. _930032 |
| 650 | 1 | 4 |
_aGanadería _xYucatán. _944861 |
| 650 | 1 | 4 |
_aGanadería _zMéxico. _944867 |
| 650 | 1 | 4 |
_aGanadería _zTabasco. _944869 |
| 650 | 1 | 4 |
_aGanadería _zVeracruz. _944870 |
| 790 | _aDiagnóstico Integral de la Ganadería Bovina en el Trópico Mexicano | ||
| 790 | _aPrograma de Desarrollo Rural Integral de la Ganadería Bovina en el Trópico Mexicano | ||
| 901 | _aBK | ||
| 942 | _cFOLL | ||
| 949 |
_aFolleto 10995 _bBC _cFOLL _d-67883 _eTS1 _fv.2 _i75026 _si |
||
| 949 |
_aFolleto 10995 _bBC _cFOLL _d-67886 _eTS2 _fv.3 _i75026 _si |
||
| 949 |
_aFolleto 10995 _bBC _cFOLL _d-67888 _eTS2 _fv.4 _i75026 _si |
||
| 949 |
_aFolleto 10995 _bBC _cFOLL _d-7951 _eTS1 _fv.1 _i75026 _si |
||
| 999 |
_c65629 _d65629 |
||